Widok standardowy
Widok MARC
Pozycja Personal Name
Liczba rekordów, w których użyto hasła: 1
001 - Numer kontrolny
- control field: 41003
003 - Identyfikator numeru kontrolnego
- control field: NUKAT
005 - Data i czas ostatniej modyfikacji
- control field: 20260430121942.0
008 - Dane kontrolne kodowane (40 znaków)
- fixed length control field: 100616n||a|znnaabn |a aaa |c
010 ## - Numer kontrolny Biblioteki Kongresu
- numer kontrolny LC: n 2010161695
024 7# - OTHER STANDARD IDENTIFIER
- Standard number or code: 1675156012402149700003
- Source of number or code: viaf
024 7# - OTHER STANDARD IDENTIFIER
- Standard number or code: 0000000502648262
- Source of number or code: isni
024 7# - OTHER STANDARD IDENTIFIER
- Standard number or code: Q19268508
- Source of number or code: wikidata
040 ## - Instytucja sporządzająca rekord
- inst. przygot. dane do rek. khw: KR U/SM
- język haseł przedmiotowych/tezaurus: kaba
- inst. wprow. rek. khw: KR U/SM
100 1# - Hasło - nazwa osobowa
- nazwa osobowa w formie ujednoliconej: Brożek, Krzysztof.
670 ## - Źródło informacji
- źródło informacji: Kp. Katyń [Film] / realiz. Krzysztof Brożek. - [Warszawa], 2010.
670 ## - Źródło informacji
- źródło informacji: Filmpolski.pl, 16.06.2010
- adres internetowy: http://www.filmpolski.pl/fp/index.php/4127312